MARC

Tag First Indicator Second Indicator Subfields
LEADER 00000cam a2200000Ka 4500
001 in00002262221
005 20151105084843.0
008 070129s2007 txu s000 0 eng d
035 |a (OCoLC)ocm80552681 
040 |a TLGRL  |c TLGRL  |d IKM  |d TXA  |d UtOrBLW 
049 |a TXAM 
086 0 |a W600.8 W291TE 2007  |2 txdocs 
110 2 |a Texas Water Development Board. 
245 1 0 |a Water for Texas, 2007 /  |c Texas Water Development Board. 
264 1 |a Austin, Tex. :  |b Texas Water Development Board,  |c [2007] 
300 |a 2 volumes :  |b color illustrations ;  |c 28 cm. 
336 |a text  |b txt  |2 rdacontent 
337 |a unmediated  |b n  |2 rdamedia 
338 |a volume  |b nc  |2 rdacarrier 
490 1 |a Document ;  |v no. GP-8-1 
650 0 |a Water resources development  |z Texas. 
650 0 |a Water-supply  |z Texas. 
650 0 |a Water quality management  |z Texas. 
650 0 |a Water use  |x Government policy  |z Texas. 
830 0 |a Document (Texas Water Development Board) ;  |v no. GP-8-1. 
856 4 |u http://www.twdb.state.tx.us/publications/reports/State%5FWater%5FPlan/2007/2007StateWaterPlan/2007StateWaterPlan.htm  |t 0 
994 |a C0  |b TXA 
948 |a cataloged  |b h  |c 2007/07/17  |e cforman  |f 8:35:23 am 
999 |a MARS 
999 f f |s 9e33a939-7b7b-3cc2-a513-510e7eafa0dc  |i 91f13dd3-8054-3afa-bfc9-16890df75050  |t 0 
952 f f |p normal  |a Texas A&M University  |b College Station  |c Sterling C. Evans Library  |d Evans: Texas Documents (Annex 5th floor)  |t 0  |e W600.8 W291TE 2007/v.1-2  |h Superintendent of Documents classification  |i unmediated -- volume  |k v.2  |l 2007  |m A14836296220 
952 f f |p normal  |a Texas A&M University  |b College Station  |c Sterling C. Evans Library  |d Evans: Texas Documents (Annex 5th floor)  |t 0  |e W600.8 W291TE 2007/v.1-2  |h Superintendent of Documents classification  |i unmediated -- volume  |k v.1  |l 2007  |m A14836296238 
952 f f |a Texas A&M University  |b College Station  |c Electronic Resources  |d Available Online  |t 0  |e W600.8 W291TE 2007  |h Superintendent of Documents classification 
998 f f |a W600.8 W291TE 2007  |t 0  |l Available Online 
998 f f |a W600.8 W291TE 2007/v.1-2  |t 0  |l Evans: Texas Documents (Annex 5th floor)